[Event "Campeonato Nacional  Femenino 2011"]
[Site "Ciudad de Holguin. Cuba"]
[Date "2011.02.03"]
[Round "7.3"]
[White "Ordaz, Lisandra"]
[Black "Campos, Milena"]
[Result "1-0"]
[WhiteElo "2343"]
[BlackElo "2215"]
[PlyCount "85"]
[EventDate "2011.01.29"]
[EventType "swiss"]
[EventRounds "9"]
[EventCountry "CUB"]
[EventCategory "1"]

1. d4 Nf6 2. c4 g6 3. Nc3 Bg7 4. e4 d6 5. f4 O-O 6. Nf3 Na6 7. Bd3 Bg4 8. O-O
Nd7 9. Be3 e5 10. fxe5 c5 11. Be2 dxe5 12. dxc5 Ndxc5 13. b4 Ne6 14. Rb1 Bxf3
15. gxf3 Nd4 16. Nd5 Nc7 17. Bd3 Nce6 18. c5 Qh4 19. Kh1 a5 20. Bxd4 exd4 21.
b5 Nxc5 22. f4 Rad8 23. Qc2 Nxd3 24. Qxd3 Kh8 25. Qf3 g5 26. Rg1 gxf4 27. Rg4
Qh6 28. Ne7 f5 29. Nxf5 Rxf5 30. exf5 d3 31. Rd1 Qd6 32. Qxb7 Bf6 33. Qc6 Qe5
34. Rxf4 Re8 35. Rff1 Rg8 36. Rxd3 Qb2 37. Rg3 Rf8 38. Rfg1 Bd4 39. R3g2 Qb4
40. Rf1 Be3 41. f6 Bc5 42. f7 Bd4 43. Rg8+ 1-0

[Event "Campeonato Nacional  Femenino 2011"]
[Site "Ciudad de Holguin. Cuba"]
[Date "2011.02.03"]
[Round "7.4"]
[White "Gutierrez, Amanda"]
[Black "Arribas, Maritza"]
[Result "0-1"]
[WhiteElo "2022"]
[BlackElo "2296"]
[PlyCount "77"]
[EventDate "2011.01.29"]
[EventType "swiss"]
[EventRounds "9"]
[EventCountry "CUB"]
[EventCategory "1"]

1. e4 d6 2. d4 Nf6 3. Nc3 c6 4. Nf3 Bg4 5. Be3 e6 6. Be2 Be7 7. a4 d5 8. exd5
exd5 9. Ne5 Bxe2 10. Nxe2 O-O 11. O-O Nbd7 12. Nxd7 Qxd7 13. Nf4 Rfe8 14. h3
Bd6 15. Nd3 Qf5 16. b3 Ne4 17. Qg4 Qxg4 18. hxg4 Re6 19. c4 Rae8 20. cxd5 cxd5
21. Nc5 R6e7 22. a5 a6 23. Rfc1 h6 24. Na4 Nf6 25. Nb6 Nxg4 26. Nxd5 Rd7 27.
Nb6 Rdd8 28. Rc3 f5 29. Nc4 Bb8 30. Rd1 f4 31. Bc1 Rxd4 32. Rf1 Red8 33. Bb2
Rd3 34. Rxd3 Rxd3 35. Re1 Kf7 36. Ba3 Rxb3 37. Nd6+ Kg6 38. Bc5 Bc7 39. Ne8 0-1

[Event "Campeonato Nacional  Femenino 2011"]
[Site "Ciudad de Holguin. Cuba"]
[Date "2011.02.03"]
[Round "7.5"]
[White "Perez, Jennifer"]
[Black "Piña, Sulennis"]
[Result "1-0"]
[WhiteElo "2231"]
[BlackElo "2325"]
[PlyCount "135"]
[EventDate "2011.01.29"]
[EventType "swiss"]
[EventRounds "9"]
[EventCountry "CUB"]
[EventCategory "1"]

1. d4 Nf6 2. c4 g6 3. Nc3 Bg7 4. e4 d6 5. Be2 O-O 6. Bg5 h6 7. Be3 e5 8. d5 Na6
9. Qd2 Nc5 10. f3 Kh7 11. g4 Ne8 12. h4 Bd7 13. h5 g5 14. Nh3 Bf6 15. Nf2 a5
16. Nd3 Nxd3+ 17. Bxd3 Be7 18. Kf2 Nf6 19. Rhg1 Kh8 20. Raf1 Qc8 21. Ke1 Rg8
22. Kd1 a4 23. Kc1 c5 24. dxc6 bxc6 25. Kb1 Be6 26. Rc1 Qb7 27. Rg2 Rgb8 28.
Qc2 Ne8 29. Ka1 a3 30. b3 Nc7 31. Qd1 Na6 32. Rd2 Nb4 33. Be2 Rd8 34. Na4 c5
35. Nc3 Nc6 36. Nd5 Bxd5 37. exd5 Nb4 38. Bd3 e4 39. Bxe4 Bf6+ 40. Kb1 Qe7 41.
Rdc2 Nxc2 42. Kxc2 Qe5 43. Kd3 Rab8 44. Rc2 Re8 45. Qc1 Ra8 46. Qg1 Reb8 47.
Qb1 Ra7 48. Ke2 Re7 49. Kd3 Kg8 50. Qc1 Ra7 51. Qb1 Qe7 52. Ke2 Bb2 53. Rxb2
axb2 54. Qxb2 Qe5 55. Qxe5 Rxa2+ 56. Kd1 dxe5 57. d6 Ra5 58. Kc2 Rd8 59. b4
cxb4 60. c5 Ra3 61. Bd2 Ra2+ 62. Kc1 b3 63. Bc3 Rb8 64. Bb2 Ra5 65. c6 Kf8 66.
c7 Rc5+ 67. Kb1 Rc8 68. Ba3 1-0

[Event "Campeonato Nacional  Femenino 2011"]
[Site "Ciudad de Holguin. Cuba"]
[Date "2011.02.03"]
[Round "7.6"]
[White "Miranda, Tania"]
[Black "Ramon Pita, Vivian"]
[Result "0-1"]
[WhiteElo "2129"]
[BlackElo "2203"]
[PlyCount "102"]
[EventDate "2011.01.29"]
[EventType "swiss"]
[EventRounds "9"]
[EventCountry "CUB"]
[EventCategory "1"]

1. e4 e5 2. Nf3 Nc6 3. Bb5 a6 4. Ba4 d6 5. c3 Bd7 6. O-O Nge7 7. d4 Ng6 8. Nbd2
Be7 9. Bb3 h6 10. Nc4 Bg5 11. Nxg5 hxg5 12. Qf3 Qe7 13. Ne3 Nf4 14. g3 exd4 15.
gxf4 dxe3 16. Bxe3 Rh3 17. Qg2 Rh4 18. f5 Ne5 19. f3 f6 20. Bf2 Rh6 21. Bg3
O-O-O 22. Qf2 Kb8 23. Rad1 g4 24. Bxe5 Qxe5 25. Qg3 Qxg3+ 26. hxg3 Bb5 27. c4
Bc6 28. Kf2 Rh2+ 29. Ke3 Re8 30. Rh1 Rxb2 31. Rh4 gxf3 32. Kxf3 a5 33. c5 dxc5
34. Rc1 b6 35. Be6 Rd2 36. Rh7 Re7 37. Rch1 Rd4 38. R1h4 Bd7 39. e5 Bxe6 40.
Rxd4 cxd4 41. exf6 Bd5+ 42. Kf2 Rf7 43. Rxg7 Rxf6 44. g4 Bxa2 45. Rd7 c5 46.
Kf3 Kc8 47. Rh7 Bb1 48. Kf4 a4 49. Ke5 Rf8 50. Ra7 Re8+ 51. Kd6 Kb8 0-1

[Event "Campeonato Nacional  Femenino 2011"]
[Site "Ciudad de Holguin. Cuba"]
[Date "2011.02.03"]
[Round "7.7"]
[White "Llaudy, Lisandra"]
[Black "Catala, Ivette"]
[Result "0-1"]
[WhiteElo "2238"]
[BlackElo "2171"]
[PlyCount "130"]
[EventDate "2011.01.29"]
[EventType "swiss"]
[EventRounds "9"]
[EventCountry "CUB"]
[EventCategory "1"]

1. e4 c5 2. Nf3 e6 3. b3 Nc6 4. Bb2 Nf6 5. e5 Nd5 6. g3 g6 7. c4 Nc7 8. Nc3 Bg7
9. Ne4 O-O 10. Nxc5 d5 11. Be2 b6 12. Nd3 dxc4 13. bxc4 Bb7 14. O-O Na5 15.
Nde1 Qd7 16. d3 Rad8 17. Qc1 Qc6 18. Qf4 f6 19. exf6 Ne8 20. Qe4 Qxe4 21. dxe4
Nxf6 22. e5 Ne4 23. Rc1 Bh6 24. Rc2 Bc6 25. Bc1 Bxc1 26. Rxc1 Nd2 27. Nxd2 Rxd2
28. Bg4 Kf7 29. Nf3 Bxf3 30. Bxf3 Ke7 31. Kg2 Rxa2 32. Rfd1 Rc8 33. Rd6 Nxc4
34. Rxe6+ Kxe6 35. Bg4+ Kxe5 36. Bxc8 Ne3+ 37. Kf3 Rc2 38. Re1 Rxc8 39. Rxe3+
Kf6 40. Ra3 Rc7 41. Ke4 a5 42. f4 Ra7 43. Rc3 a4 44. Rc6+ Kf7 45. Rxb6 a3 46.
Rb1 a2 47. Ra1 Ke6 48. g4 Ra4+ 49. Kf3 Kd5 50. f5 gxf5 51. gxf5 Ke5 52. f6 Kxf6
53. Ke3 Kg5 54. Kf3 Ra3+ 55. Kg2 Kg4 56. Kf2 Kf4 57. Kg2 Ke4 58. h4 Kf4 59. h5
Kg5 60. Kh2 Kxh5 61. Kg2 Kg4 62. Kf2 Kf4 63. Ke2 Kg3 64. Kf1 h5 65. Kg1 Rb3 0-1

[Event "Campeonato Nacional  Femenino 2011"]
[Site "Ciudad de Holguin. Cuba"]
[Date "2011.02.03"]
[Round "7.8"]
[White "Fleites, Yuleikys"]
[Black "Forgas, Yaniela"]
[Result "1-0"]
[WhiteElo "2155"]
[BlackElo "2130"]
[PlyCount "37"]
[EventDate "2011.01.29"]
[EventType "swiss"]
[EventRounds "9"]
[EventCountry "CUB"]
[EventCategory "1"]

1. e4 c5 2. Nc3 Nc6 3. Bb5 Nd4 4. Nf3 Nxb5 5. Nxb5 d6 6. d4 Qa5+ 7. Nc3 Bg4 8.
dxc5 Qxc5 9. Be3 Qc6 10. Qd4 Nf6 11. e5 Bxf3 12. exf6 e5 13. fxg7 exd4 14.
gxh8=Q Bxg2 15. Qxd4 Bxh1 16. O-O-O a6 17. Qf6 Be4 18. Bg5 d5 19. Nxe4 1-0

[Event "Campeonato Nacional  Femenino 2011"]
[Site "Ciudad de Holguin. Cuba"]
[Date "2011.02.03"]
[Round "7.9"]
[White "Corrales, Zenia"]
[Black "Frometa, Zirka"]
[Result "0-1"]
[WhiteElo "2197"]
[BlackElo "2128"]
[PlyCount "110"]
[EventDate "2011.01.29"]
[EventType "swiss"]
[EventRounds "9"]
[EventCountry "CUB"]
[EventCategory "1"]

1. e4 c6 2. d4 g6 3. Nc3 Bg7 4. h3 d6 5. Nf3 b5 6. Bd3 b4 7. Ne2 a5 8. O-O Nf6
9. a3 Na6 10. c3 bxc3 11. bxc3 O-O 12. Bg5 d5 13. Ng3 dxe4 14. Nxe4 Nxe4 15.
Bxe4 Qc7 16. Qc1 f6 17. Bf4 Qd7 18. Rb1 Nc7 19. Bh6 Ba6 20. Bxg7 Kxg7 21. c4
Rab8 22. Qc3 Ne6 23. Rbc1 Qc7 24. Rfe1 Nf4 25. Nd2 c5 26. Nb3 cxd4 27. Nxd4 a4
28. Qg3 Kh8 29. Rc3 e5 30. Nc6 Rb2 31. Qf3 Bb7 32. Nb4 Bxe4 33. Qxe4 Rd8 34.
Rc2 Rd2 35. Rxb2 Rxb2 36. Rd1 Qc5 37. Qf3 Qxc4 38. Kh2 Qc7 39. Qa8+ Kg7 40.
Qxa4 Kh6 41. Nd5 Nxd5 42. Qh4+ Kg7 43. Rxd5 Qa7 44. Qg4 Qxf2 45. Rd1 h5 46.
Qd7+ Kh6 47. Qc6 Rc2 48. Qd5 Qf4+ 49. Kh1 e4 50. Re1 Rc1 51. Qa5 Rxe1+ 52. Qxe1
e3 53. Kg1 Qd4 54. Qb1 e2+ 55. Kh2 Qe5+ 0-1

[Event "Campeonato Nacional  Femenino 2011"]
[Site "Ciudad de Holguin. Cuba"]
[Date "2011.02.03"]
[Round "7.10"]
[White "Castillo, Mairebis"]
[Black "Hernandez, Yuleisis"]
[Result "0-1"]
[WhiteElo "2166"]
[BlackElo "2206"]
[PlyCount "52"]
[EventDate "2011.01.29"]
[EventType "swiss"]
[EventRounds "9"]
[EventCountry "CUB"]
[EventCategory "1"]

1. d4 Nf6 2. Nf3 e6 3. Nbd2 d5 4. e3 Bd6 5. Bd3 b6 6. b3 Bb7 7. Bb2 Ne4 8. O-O
O-O 9. c4 f5 10. Ne5 Nd7 11. f3 Nxd2 12. Qxd2 Nf6 13. Rac1 c5 14. Rfd1 Qe7 15.
Bb1 Rad8 16. Qe1 Nh5 17. dxc5 bxc5 18. Qa5 f4 19. Qc3 Qg5 20. Qd3 g6 21. h4 Qf6
22. exf4 Nxf4 23. Qe3 d4 24. Ng4 Qxh4 25. Qf2 Nxg2 26. Qxg2 Bxf3 0-1

[Event "Campeonato Nacional  Femenino 2011"]
[Site "Ciudad de Holguin. Cuba"]
[Date "2011.02.04"]
[Round "8.2"]
[White "Vigoa Apecheche, Yanira"]
[Black "Ordaz, Lisandra"]
[Result "0-1"]
[WhiteElo "2290"]
[BlackElo "2343"]
[PlyCount "76"]
[EventDate "2011.01.29"]
[EventType "swiss"]
[EventRounds "9"]
[EventCountry "CUB"]
[EventCategory "1"]

1. d4 Nf6 2. Nf3 d5 3. c4 e6 4. e3 Be7 5. Bd3 O-O 6. O-O b6 7. cxd5 exd5 8. Ne5
c5 9. b3 Bb7 10. Bb2 Nc6 11. Nd2 Nxe5 12. dxe5 Ne4 13. f3 Nxd2 14. Qxd2 f5 15.
Rad1 Qc8 16. f4 Qe6 17. Be2 Rad8 18. Kh1 Bc6 19. Bf3 Rd7 20. h3 g6 21. Kh2 h5
22. g3 Kg7 23. Qg2 Rh8 24. Kg1 Kf7 25. Rf2 g5 26. Rfd2 g4 27. hxg4 hxg4 28.
Bxd5 Rxd5 29. Rxd5 Bxd5 30. Rxd5 Rh3 31. Rd1 c4 32. bxc4 Qxc4 33. Bd4 Ke6 34.
Rb1 Kf7 35. Rb2 Qc1+ 36. Kf2 Rh1 37. Qd5+ Kg7 38. e6+ Kg6 0-1

[Event "Campeonato Nacional  Femenino 2011"]
[Site "Ciudad de Holguin. Cuba"]
[Date "2011.02.04"]
[Round "8.3"]
[White "Ramon Pita, Vivian"]
[Black "Arribas, Maritza"]
[Result "1-0"]
[WhiteElo "2203"]
[BlackElo "2296"]
[PlyCount "85"]
[EventDate "2011.01.29"]
[EventType "swiss"]
[EventRounds "9"]
[EventCountry "CUB"]
[EventCategory "1"]

1. d4 d5 2. Nf3 Nf6 3. c4 c6 4. e3 e6 5. Nc3 Nbd7 6. b3 Bb4 7. Bd2 O-O 8. a3
Bd6 9. Bd3 e5 10. cxd5 exd4 11. Nxd4 Nc5 12. Be2 cxd5 13. b4 Nce4 14. f3 Nxd2
15. Qxd2 Re8 16. Kf2 a6 17. Bd3 Bd7 18. g3 Rc8 19. Nce2 Qe7 20. Rhc1 g6 21.
Rxc8 Bxc8 22. Rb1 Nd7 23. Nc3 Nb6 24. Rd1 Qe5 25. Nce2 Bf8 26. Rc1 Bd7 27. f4
Qd6 28. Nb3 d4 29. Nexd4 Nd5 30. e4 Nf6 31. Re1 Ba4 32. Qc3 Qd7 33. Nf3 Rc8 34.
Nc5 Ng4+ 35. Kg2 b6 36. Bxa6 bxc5 37. Bxc8 Qxc8 38. h3 Nh6 39. bxc5 Bc6 40. Qc4
Qb7 41. Ne5 Bb5 42. Rb1 Nf5 43. Rxb5 1-0

[Event "Campeonato Nacional  Femenino 2011"]
[Site "Ciudad de Holguin. Cuba"]
[Date "2011.02.04"]
[Round "8.4"]
[White "Miranda, Yerisbel"]
[Black "Perez, Jennifer"]
[Result "1-0"]
[WhiteElo "2183"]
[BlackElo "2231"]
[PlyCount "97"]
[EventDate "2011.01.29"]
[EventType "swiss"]
[EventRounds "9"]
[EventCountry "CUB"]
[EventCategory "1"]

1. d4 d5 2. Nf3 Nf6 3. c4 dxc4 4. e3 e6 5. Bxc4 a6 6. a4 c5 7. O-O Nc6 8. Qe2
cxd4 9. Rd1 Be7 10. exd4 O-O 11. Nc3 Nb4 12. Ne5 Nbd5 13. Rd3 Re8 14. Rg3 Bf8
15. Bg5 Nxc3 16. bxc3 Be7 17. Bd3 Qd5 18. Bxf6 Bxf6 19. Bxh7+ Kf8 20. Be4 Qd6
21. Qh5 Qc7 22. Rf3 Ke7 23. Qxf7+ Kd8 24. Qh5 Bd7 25. Nxd7 Kxd7 26. d5 Rad8 27.
Rb1 b6 28. Bd3 exd5 29. Bxa6 Re5 30. Qg4+ Ke7 31. Qf4 Rd6 32. g3 Re4 33. Re3
Rxe3 34. Qxe3+ Re6 35. Qd3 Qxc3 36. Qxd5 Bd4 37. Rf1 Rf6 38. Bb5 Rd6 39. Qe4+
Re6 40. Qb7+ Kf6 41. Kg2 Qd2 42. Qf3+ Ke7 43. Rd1 Qb4 44. Qf4 Rd6 45. Qe4+ Kf6
46. Rd3 g5 47. Rf3+ Kg7 48. Qe7+ Kh6 49. Rf7 1-0

[Event "Campeonato Nacional  Femenino 2011"]
[Site "Ciudad de Holguin. Cuba"]
[Date "2011.02.04"]
[Round "8.5"]
[White "Campos, Milena"]
[Black "Fleites, Yuleikys"]
[Result "1/2-1/2"]
[WhiteElo "2215"]
[BlackElo "2155"]
[PlyCount "86"]
[EventDate "2011.01.29"]
[EventType "swiss"]
[EventRounds "9"]
[EventCountry "CUB"]
[EventCategory "1"]

1. e4 c5 2. Nf3 Nc6 3. Bb5 d6 4. Bxc6+ bxc6 5. O-O Bg4 6. d3 Nf6 7. Nbd2 Nd7 8.
h3 Bh5 9. b3 e6 10. Bb2 f6 11. Qe1 Be7 12. Nh2 Bf7 13. f4 O-O 14. Qg3 d5 15.
Ng4 Kh8 16. Rad1 Qa5 17. a4 Qc7 18. Nf3 d4 19. Rde1 Rae8 20. Bc1 Bg6 21. Bd2
Rb8 22. a5 Rfe8 23. e5 f5 24. Nf2 Nf8 25. Nd1 Bh5 26. Nb2 Kg8 27. Nc4 Ng6 28.
a6 Qd7 29. Ba5 Rb5 30. Ra1 h6 31. Bd2 Rbb8 32. Qf2 Qd5 33. Kh2 Kh7 34. Ra5 Rb5
35. Raa1 Rbb8 36. Kh1 Red8 37. Kh2 Re8 38. Rg1 Bxf3 39. Qxf3 Qxf3 40. gxf3 Nf8
41. Kg2 Red8 42. Kf2 Kg8 43. Ke2 Kf7 1/2-1/2

[Event "Campeonato Nacional  Femenino 2011"]
[Site "Ciudad de Holguin. Cuba"]
[Date "2011.02.04"]
[Round "8.6"]
[White "Catala, Ivette"]
[Black "Gutierrez, Amanda"]
[Result "1-0"]
[WhiteElo "2171"]
[BlackElo "2022"]
[PlyCount "141"]
[EventDate "2011.01.29"]
[EventType "swiss"]
[EventRounds "9"]
[EventCountry "CUB"]
[EventCategory "1"]

1. d4 d5 2. Nf3 Nf6 3. e3 e6 4. Bd3 c5 5. b3 Nc6 6. Bb2 Bd6 7. O-O Qc7 8. c4
cxd4 9. exd4 O-O 10. Nc3 dxc4 11. bxc4 Bf4 12. d5 Nb4 13. g3 Bh6 14. d6 Qc5 15.
Na4 Qh5 16. Bxf6 gxf6 17. Be2 Bd7 18. Nc3 Bc6 19. Nd4 Qe5 20. Rb1 a5 21. a3 Na6
22. Nxc6 bxc6 23. Na4 Rad8 24. Qc2 Nc5 25. Bf3 Rxd6 26. Rfe1 Qg5 27. h4 Qd2 28.
Qxd2 Bxd2 29. Nxc5 Bxe1 30. Rxe1 f5 31. Nb7 Rd3 32. Bxc6 Rc8 33. Bb5 Rxa3 34.
Rc1 Rc7 35. Nd6 Rc5 36. Be8 Rd3 37. Nb7 Rc7 38. Rb1 Kf8 39. Ba4 Ra3 40. Bd1
Rxc4 41. Nd6 Rb4 42. Rc1 Rd3 43. Nc4 Rxd1+ 44. Rxd1 Rxc4 45. Rd8+ Kg7 46. Ra8
a4 47. Kg2 f4 48. g4 e5 49. Kf3 Kf6 50. Ra6+ Kg7 51. g5 e4+ 52. Kxf4 e3+ 53.
Kxe3 Rxh4 54. f4 a3 55. Ke4 Rh3 56. Kf5 Rb3 57. Kg4 Rc3 58. f5 Rb3 59. Ra8 h5+
60. Kxh5 Rh3+ 61. Kg4 Rh8 62. Rxa3 Rb8 63. Ra7 Rf8 64. Rb7 Rc8 65. g6 Rf8 66.
Kg5 Kg8 67. Kf6 fxg6+ 68. Kxg6 Ra8 69. f6 Rc8 70. Rg7+ Kf8 71. Rh7 1-0

[Event "Campeonato Nacional  Femenino 2011"]
[Site "Ciudad de Holguin. Cuba"]
[Date "2011.02.04"]
[Round "8.7"]
[White "Hernandez, Yuleisis"]
[Black "Piña, Sulennis"]
[Result "0-1"]
[WhiteElo "2206"]
[BlackElo "2325"]
[PlyCount "128"]
[EventDate "2011.01.29"]
[EventType "swiss"]
[EventRounds "9"]
[EventCountry "CUB"]
[EventCategory "1"]

1. e4 c5 2. Nf3 a6 3. d4 cxd4 4. Nxd4 Nf6 5. Nc3 e5 6. Nb3 Bb4 7. Bd3 Bxc3+ 8.
bxc3 O-O 9. O-O d6 10. Bg5 Nbd7 11. Re1 Qc7 12. Qd2 b6 13. Rad1 Bb7 14. c4 Rfc8
15. Qe3 Ne8 16. Qg3 Nf8 17. Nd2 Ne6 18. Nf3 Nxg5 19. Qxg5 Bc6 20. Nh4 Qd8 21.
Qg3 Bd7 22. Nf5 Be6 23. Ne3 Nf6 24. Nd5 Nd7 25. Rb1 Rab8 26. Rb4 Nc5 27. Reb1
Bxd5 28. cxd5 b5 29. a3 Na4 30. h3 Nc3 31. Ra1 Qb6 32. Kh2 a5 33. Rb3 Qd4 34.
Re1 b4 35. axb4 a4 36. Ra3 Rxb4 37. Qe3 Qxe3 38. Rxe3 Nd1 39. Re2 Rc3 40. Ra1
Nb2 41. Rd2 Kf8 42. g3 a3 43. Ra2 Na4 44. Rd1 Rb2 45. Rda1 Rxa2 46. Rxa2 Nc5
47. Kg2 Ke7 48. Bb5 Nxe4 49. Ba4 Nc5 50. Bb3 Nxb3 51. Rxa3 Rxc2 52. Rxb3 Rc5
53. Rd3 f5 54. g4 fxg4 55. hxg4 Rc4 56. f3 Rd4 57. Rxd4 exd4 58. f4 Kf6 59. Kf3
g5 60. f5 Ke5 61. f6 Kxf6 62. Ke4 d3 63. Kxd3 Ke5 64. Kc4 Ke4 0-1

[Event "Campeonato Nacional  Femenino 2011"]
[Site "Ciudad de Holguin. Cuba"]
[Date "2011.02.04"]
[Round "8.8"]
[White "Frometa, Zirka"]
[Black "Miranda, Tania"]
[Result "1/2-1/2"]
[WhiteElo "2128"]
[BlackElo "2129"]
[PlyCount "116"]
[EventDate "2011.01.29"]
[EventType "swiss"]
[EventRounds "9"]
[EventCountry "CUB"]
[EventCategory "1"]

1. d4 Nf6 2. Bf4 g6 3. e3 Bg7 4. Nd2 O-O 5. h3 d6 6. Ngf3 Nbd7 7. Bc4 c5 8. c3
b6 9. O-O Bb7 10. Qe2 a6 11. Rad1 Ra7 12. a3 Qa8 13. Rfe1 Ne4 14. Nxe4 Bxe4 15.
Nd2 Bxg2 16. e4 Bxh3 17. Kh2 cxd4 18. Kxh3 dxc3 19. bxc3 Qc8 20. Kg2 Ne5 21.
Bxe5 Bxe5 22. Rh1 Bf4 23. Bd3 Qc5 24. Rh4 h5 25. Rdh1 Qg5+ 26. Kf1 Bxd2 27.
Rxh5 gxh5 28. Rg1 Qxg1+ 29. Kxg1 Bxc3 30. Qxh5 e6 31. e5 f5 32. exf6 Bxf6 33.
Kf1 b5 34. Qg4+ Kf7 35. a4 bxa4 36. Bg6+ Ke7 37. Qxa4 a5 38. Ke2 Rb8 39. Bh5
Raa8 40. Qc6 Ra7 41. Qe4 Rg8 42. Qh7+ Rg7 43. Qh8 Be5 44. Qe8+ Kf6 45. Ke3 Kg5
46. Bd1 Kf6 47. f4 Rg3+ 48. Bf3 Bd4+ 49. Kxd4 Rxf3 50. Qf8+ Rf7 51. Qxd6 a4 52.
Qe5+ Ke7 53. Qc7+ Kf8 54. Qd8+ Kg7 55. Qg5+ Kf8 56. Qd8+ Kg7 57. Qg5+ Kf8 58.
Qd8+ Kg7 1/2-1/2

[Event "Campeonato Nacional  Femenino 2011"]
[Site "Ciudad de Holguin. Cuba"]
[Date "2011.02.04"]
[Round "8.9"]
[White "Castillo, Mairebis"]
[Black "Llaudy, Lisandra"]
[Result "1/2-1/2"]
[WhiteElo "2166"]
[BlackElo "2238"]
[PlyCount "86"]
[EventDate "2011.01.29"]
[EventType "swiss"]
[EventRounds "9"]
[EventCountry "CUB"]
[EventCategory "1"]

1. d4 Nf6 2. Nf3 e6 3. Bf4 b6 4. Nbd2 Bb7 5. h3 Be7 6. e3 O-O 7. Bd3 c5 8. O-O
Nc6 9. c3 cxd4 10. exd4 Nd5 11. Bh2 f5 12. c4 Nf6 13. a3 Kh8 14. Re1 a6 15. d5
exd5 16. Bxf5 dxc4 17. Nxc4 d5 18. Nce5 Nxe5 19. Nxe5 Bc5 20. Bg3 a5 21. Be6
Qe8 22. Qf3 Ra7 23. Rad1 d4 24. Qb3 Bc8 25. Bc4 a4 26. Qa2 Qh5 27. Nc6 Ra8 28.
Nxd4 Rd8 29. Ne2 Rxd1 30. Rxd1 Bb7 31. b4 axb3 32. Qxb3 Ne4 33. Nf4 Qh6 34. Ne6
Re8 35. Nxc5 Nxc5 36. Qb5 Ra8 37. Rd6 Qc1+ 38. Kh2 Ba6 39. Qc6 Bb7 40. Qb5 Ba6
41. Qc6 Bb7 42. Qb5 Ba6 43. Qc6 Bb7 1/2-1/2

[Event "Campeonato Nacional  Femenino 2011"]
[Site "Ciudad de Holguin. Cuba"]
[Date "2011.02.04"]
[Round "8.10"]
[White "Forgas, Yaniela"]
[Black "Corrales, Zenia"]
[Result "1/2-1/2"]
[WhiteElo "2130"]
[BlackElo "2197"]
[PlyCount "20"]
[EventDate "2011.01.29"]
[EventType "swiss"]
[EventRounds "9"]
[EventCountry "CUB"]
[EventCategory "1"]

1. e4 c5 2. Nf3 d6 3. d4 cxd4 4. Nxd4 Nf6 5. Nc3 a6 6. Be2 e6 7. O-O Be7 8. Kh1
O-O 9. Be3 Nc6 10. f4 Qc7 1/2-1/2

[Event "Campeonato Nacional  Femenino 2011"]
[Site "Ciudad de Holguin. Cuba"]
[Date "2011.02.05"]
[Round "9.1"]
[White "Ordaz, Lisandra"]
[Black "Linares, Oleiny"]
[Result "1-0"]
[WhiteElo "2343"]
[BlackElo "2304"]
[PlyCount "63"]
[EventDate "2011.01.29"]
[EventType "swiss"]
[EventRounds "9"]
[EventCountry "CUB"]
[EventCategory "1"]

1. d4 Nf6 2. c4 g6 3. Nc3 Bg7 4. e4 d6 5. f4 O-O 6. Nf3 c5 7. d5 e6 8. dxe6
Bxe6 9. Bd3 Nc6 10. f5 Bd7 11. O-O Ng4 12. Bg5 Bd4+ 13. Kh1 f6 14. Nxd4 cxd4
15. Qxg4 dxc3 16. Bh6 cxb2 17. Rab1 Ne5 18. Qg3 Rf7 19. Rxb2 Bc6 20. c5 dxc5
21. fxg6 hxg6 22. Bc4 Kh8 23. Bxf7 Nxf7 24. Bc1 Qe7 25. Qh4+ Kg7 26. Rbf2 g5
27. Bxg5 Nxg5 28. Rxf6 Qxf6 29. Rxf6 Kxf6 30. Qh6+ Ke5 31. Qxg5+ Kxe4 32. Qxc5
1-0

[Event "Campeonato Nacional  Femenino 2011"]
[Site "Ciudad de Holguin. Cuba"]
[Date "2011.??.05"]
[Round "9.2"]
[White "Marrero, Yaniet"]
[Black "Catala, Ivette"]
[Result "1-0"]
[WhiteElo "2315"]
[BlackElo "2171"]
[PlyCount "99"]
[EventDate "2011.01.29"]
[EventType "swiss"]
[EventRounds "9"]
[EventCountry "CUB"]
[EventCategory "1"]

1. e4 c5 2. Nf3 e6 3. b3 Nc6 4. Bb2 Nf6 5. Nc3 d6 6. d4 cxd4 7. Nxd4 Be7 8.
Nxc6 bxc6 9. Bd3 e5 10. Qe2 O-O 11. O-O-O Be6 12. h3 Qc7 13. g4 Rfb8 14. g5 Nd7
15. h4 a5 16. Na4 Rb4 17. a3 Rxa4 18. bxa4 Nb6 19. f4 Nxa4 20. f5 Nxb2 21. Kxb2
Qb6+ 22. Kc3 Ba2 23. Ra1 d5 24. Kd2 Qb2 25. Ke3 Bxa3 26. c3 Bc5+ 27. Kf3 dxe4+
28. Bxe4 Qxc3+ 29. Qd3 Qxd3+ 30. Bxd3 Bd5+ 31. Be4 Bd4 32. Ra4 f6 33. Rb1 Bxe4+
34. Kxe4 Ra7 35. g6 hxg6 36. fxg6 Kf8 37. h5 Ke7 38. Kf5 Kd6 39. h6 gxh6 40.
Kxf6 Kd5 41. g7 Rxg7 42. Rxa5+ c5 43. Kxg7 h5 44. Kg6 Ke4 45. Re1+ Kd5 46. Kf5
h4 47. Ra8 Kc4 48. Ke4 Kc3 49. Ra3+ Kb2 50. Rh3 1-0

[Event "Campeonato Nacional  Femenino 2011"]
[Site "Ciudad de Holguin. Cuba"]
[Date "2011.02.05"]
[Round "9.3"]
[White "Arribas, Maritza"]
[Black "Campos, Milena"]
[Result "1-0"]
[WhiteElo "2296"]
[BlackElo "2223"]
[PlyCount "87"]
[EventDate "2011.01.29"]
[EventType "swiss"]
[EventRounds "9"]
[EventCountry "CUB"]
[EventCategory "1"]

1. e4 e5 2. Nf3 Nc6 3. Bb5 a6 4. Ba4 Nf6 5. d3 d6 6. h3 g6 7. c3 Bg7 8. Bg5 h6
9. Be3 O-O 10. O-O b5 11. Bc2 Nb8 12. a4 Bb7 13. Na3 c6 14. d4 exd4 15. Bxd4
bxa4 16. Nc4 Nbd7 17. Nxd6 Qc7 18. Nxb7 Qxb7 19. Rxa4 Rfe8 20. Qb1 c5 21. Bxf6
Bxf6 22. Qa2 Nb6 23. Ra5 c4 24. Ra1 Qc6 25. Qb1 Qc8 26. Qc1 Bg7 27. Qe3 Qb7 28.
e5 Rab8 29. Be4 Qc7 30. Rxa6 Bxe5 31. Ra7 Qd6 32. Nxe5 Qxe5 33. Qf3 Re7 34.
Rxe7 Qxe7 35. Qf4 Rd8 36. h4 Rd6 37. g3 Re6 38. Bf3 Re1+ 39. Rxe1 Qxe1+ 40. Kg2
Qe6 41. Qxh6 Na4 42. Qg5 Nxb2 43. Bd5 Qb6 44. Qe7 1-0

[Event "Campeonato Nacional  Femenino 2011"]
[Site "Ciudad de Holguin. Cuba"]
[Date "2011.02.05"]
[Round "9.5"]
[White "Piña, Sulennis"]
[Black "Vigoa Apecheche, Yanira"]
[Result "1/2-1/2"]
[WhiteElo "2325"]
[BlackElo "2290"]
[PlyCount "20"]
[EventDate "2011.01.29"]
[EventType "swiss"]
[EventRounds "9"]
[EventCountry "CUB"]
[EventCategory "1"]

1. Nf3 Nf6 2. g3 g6 3. Bg2 Bg7 4. O-O O-O 5. d3 d5 6. Nbd2 c6 7. e4 Nfd7 8. Re1
e5 9. c3 Na6 10. Qc2 Nc7 1/2-1/2

[Event "Campeonato Nacional  Femenino 2011"]
[Site "Ciudad de Holguin. Cuba"]
[Date "2011.02.05"]
[Round "9.6"]
[White "Fleites, Yuleikys"]
[Black "Perez, Jennifer"]
[Result "1/2-1/2"]
[WhiteElo "2155"]
[BlackElo "2231"]
[PlyCount "21"]
[EventDate "2011.01.29"]
[EventType "swiss"]
[EventRounds "9"]
[EventCountry "CUB"]
[EventCategory "1"]

1. e4 e5 2. Nf3 Nc6 3. Nc3 Nf6 4. d4 exd4 5. Nxd4 Bb4 6. Nxc6 bxc6 7. Bd3 O-O
8. O-O d5 9. exd5 cxd5 10. Bg5 c6 11. h3 1/2-1/2

[Event "Campeonato Nacional  Femenino 2011"]
[Site "Ciudad de Holguin. Cuba"]
[Date "2011.02.05"]
[Round "9.7"]
[White "Llaudy, Lisandra"]
[Black "Frometa, Zirka"]
[Result "1-0"]
[WhiteElo "2238"]
[BlackElo "2128"]
[PlyCount "55"]
[EventDate "2011.01.29"]
[EventType "swiss"]
[EventRounds "9"]
[EventCountry "CUB"]
[EventCategory "1"]

1. e4 c6 2. d4 d5 3. Nc3 g6 4. Nf3 Bg7 5. h3 e6 6. Bg5 Ne7 7. Qd2 h6 8. Bf4 b5
9. Bd3 g5 10. Bh2 b4 11. Ne2 a5 12. Ng3 dxe4 13. Nxe4 O-O 14. h4 f5 15. hxg5
fxe4 16. gxh6 Bf6 17. Bxe4 Nf5 18. O-O-O Nd6 19. Bxd6 Qxd6 20. g4 Ra7 21. g5
Bd8 22. Ne5 Rb7 23. g6 Bf6 24. g7 Bxe5 25. gxf8=Q+ Qxf8 26. dxe5 Rd7 27. Qg5+
Kh8 28. Rdg1 1-0